Ricostruisci la Carriera del Calciatore - Senad Lulić - Statistics

Statistiche generali
  • Questo quiz è stato fatto 3 volte
  • Il punteggio medio è 2 su 5
Statistiche sulle risposte
Hint Risposta % Corretto
2003-2006 Coira
67%
2008-2010 Grasshoppers
33%
2011-2021 Lazio
33%
2010-2011 Young Boys
33%
2006-2008 Bellinzona
0%
Nessun quiz corrispondente trovato
Distribuzione punteggi
Percentuale di utenti per punteggio
Percentile per numero di risposta
I tuoi punteggi nel tempo
Non hai fatto questo quiz